Statistics for The White House Quiz

Click here to take the quiz!

General Stats

  • This quiz has been taken 122 times
  • The average score is 11 of 22

Answer Stats

HintAnswer% Correct
City where the White House is locatedWashington D.C.
99%
Street the White House is on, named after a US statePennsylvania Avenue
85%
Formal office of the President located in the aboveThe Oval Office
81%
First president to live in the White HouseJohn Adams
72%
President for whom the White House was first made wheelchair accessibleFranklin D. Roosevelt
69%
War in which the British burned the White HouseWar of 1812
64%
President who oversaw the gutting and rebuilding of the main house from 1949-52Harry S. Truman
63%
First Lady who directed an extensive historic redecoration in the 1960sJacqueline Kennedy
63%
Street number the White House is located at (a leap century!)1600
62%
Early 1900s extension for executive offices, and the name of a TV showThe West Wing
60%
Pair of similar 2013 movies depicting fictional attacks on the White HouseOlympus Has {Fallen}
58%
Single lane sports facility located in the White House basementBowling alley
56%
Flower garden used for receptions and media eventsThe Rose Garden
52%
Pair of similar 2013 movies depicting fictional attacks on the White HouseWhite House {Down}
48%
Room where the President addresses the mediaPress Briefing Room
36%
Room where the President's principle advisory body meetsThe Cabinet Room
29%
Conference and intelligence room for monitoring and dealing with crisesThe Situation Room
29%
Sedimentary rock the White House is primarily built fromAquia Creek sandstone
21%
Protruding structures added to the South and North facades in the 1820sSouth & North porticos
16%
Country whose parliament building the White House design is based onIreland (Leinster House)
15%
Three colors of the three state parlors on the first floor of the White HouseRed Room, Blue Room, Green Room
15%
Type of candy with its own permanent room/shop also in the basementChocolate shop
10%

Score Distribution

Percentile by Number Answered

Percent of People with Each Score

Your Score History

You have not taken this quiz